Missing Word: Vietnam War Quiz Stats

Quiz Updated Aug 12, 2016

Challenge
Share
Tweet
Embed
Score 0/20 Timer 05:00
1 Play Today
Hint Answer % Correct
President Lyndon B. _____Johnson
96.7%
President Richard M. _____Nixon
92.3%
_____ OrangeAgent
89.8%
_____ OffensiveTet
86.9%
Khmer _____Rouge
78.3%
Fall of _____Saigon
71.2%
The Ho Chi Minh _____Trail
66.2%
The _____ HiltonHanoi
64.2%
The Gulf of _____ ResolutionTonkin
61.9%
My Lai _____Massacre
60.3%
Hint Answer % Correct
17th _____ LineParallel
59.8%
_____ River DeltaMekong
53.1%
Secretary of Defense Robert _____McNamara
51.4%
Dien Bien _____Phu
51%
_____ Peace AccordsParis
49.9%
Operation _____ ThunderRolling
48.2%
Domino _____Theory
40.2%
Swift _____Boat
35.1%
'_____ America' FlightsAir
27.3%
General Võ Nguyên _____Giáp
13.4%

Today's Daily Dose

Word Ladder
'90s Movies

Quick Pick
'Fire' Movies

On This Day
June 19th II

You're not logged in!

Compare scores with friends on all Sporcle quizzes.
Join for Free
OR
Log In

You Might Also Like...

Show Comments

Extras

Top Quizzes Today


Score Distribution

Your Account Isn't Verified!

In order to create a playlist on Sporcle, you need to verify the email address you used during registration. Go to your Sporcle Settings to finish the process.

Report this User

Report this user for behavior that violates our Community Guidelines.

Details: